[Event "Herbert W. Gustafson Memorial Open, S47059"]
[Site "CCLA"]
[Date "2014.10.27"]
[Round "?"]
[White "Beckett, Phillip J."]
[Black "Clancey, James"]
[Result "1/2-1/2"]
[WhiteElo "2036"]
[BlackElo "2053"]

1. e4 c5 2. Nf3 d6 3. d4 cxd4 4. Nxd4 Nf6 5. Nc3 a6 6. Be2 e5 7. Nb3 Be7 
8. O-O O-O 9. Kh1 Be6 10. f4 exf4 11. Bxf4 Nc6 12. a4 d5 13. exd5 Nxd5 14.
 Nxd5 Bxd5 15. Bf3 Bxf3 16. Qxf3 Qd7 17. Rad1 Qf5 18. c3 1/2-1/2

[Event "Regular Quad, S40219"]
[Site "CCLA"]
[Date "2014.07.07"]
[Round "?"]
[White "Stroup, Jim"]
[Black "Blankenship, Jerry T."]
[Result "1-0"]
[WhiteElo "1768"]
[BlackElo "1599"]

1. e4 c5 2. Nf3 d6 3. d4 cxd4 4. Nxd4 Nf6 5. Nc3 a6 6. Bg5 e6 7. Be2 Qb6 
8. Bxf6 gxf6 9. Rb1 Bd7 10. O-O Nc6 11. Nxc6 Bxc6 12. Qd2 Rd8 13. Rfe1 h5 
14. Bf3 Bh6 15. Qe2 Qc5 16. Bxh5 Bf4 17. Nd5 Bxd5 18. exd5 Qxd5 19. Qxe6+ 
Qxe6 20. Rxe6+ Kf8 21. Rxf6 Bxh2+ 22. Kxh2 Rxh5+ 23. Kg3 Kg7 24. Rf4 Rc8 
25. Rg4+ Kf6 26. c3 Rd5 27. Rf4+ Kg7 28. Re1 Rc7 29. Rfe4 Kf6 30. f3 Rd2 
31. R1e2 Rxe2 32. Rxe2 Rc5 33. Re4 Rg5+ 34. Kf2 Rh5 35. Rc4 Rd5 36. Rd4 
Rxd4 37. cxd4 Kg5 38. g3 1-0

[Event "2nd TCCL Friendly Server Tournament, 2ndTCCL"]
[Site "CCLA"]
[Date "2014.06.15"]
[Round "?"]
[White "Lyons, Anthony W."]
[Black "Caliguire, John J."]
[Result "0-1"]
[WhiteElo "1287"]
[BlackElo "2233"]

1. e4 c5 2. Nf3 d6 3. Nc3 a6 4. d4 cxd4 5. Nxd4 Nf6 6. Bg5 e6 7. Be2 Be7 
8. O-O O-O 9. Qd3 b5 10. Bf3 Ra7 11. b4 Rc7 12. a4 bxa4 13. Nxa4 Nbd7 14. 
Bxf6 Bxf6 15. b5 Ne5 16. Qe2 axb5 17. Nb2 Nxf3+ 18. Nxf3 Bxb2 19. Rab1 Bc3
20. Rfd1 b4 21. Ne1 Bb7 22. Nf3 Qa8 23. Nd4 Bxe4 24. Nb5 Rc5 25. f3 Bxc2 
26. Nxc3 Rxc3 27. Qf2 Bxb1 28. Rxb1 b3 29. Qb2 Rfc8 0-1

[Event "Premier Quad, S40409"]
[Site "CCLA"]
[Date "2014.11.24"]
[Round "?"]
[White "Clancey, James"]
[Black "Silverman, Robert"]
[Result "1-0"]
[WhiteElo "2053"]
[BlackElo "1871"]

1. e4 c5 2. Nf3 d6 3. d4 cxd4 4. Nxd4 Nf6 5. Nc3 a6 6. Bg5 Nbd7 7. Bc4 e6 
8. f4 b5 9. Bxe6 fxe6 10. Nxe6 Qa5 11. Nxf8 Rxf8 12. Qxd6 Qb6 13. O-O-O b4
14. Na4 Qxd6 15. Rxd6 h6 16. Bh4 a5 17. e5 Ne4 18. Re6+ Kf7 19. Rc6 Kg8 
20. e6 g5 21. fxg5 hxg5 22. Bg3 Ndf6 23. Nb6 Rb8 24. e7 Bb7 25. exf8=Q+ 
Rxf8 26. Re6 1-0

[Event "Premier Quad, S40409"]
[Site "CCLA"]
[Date "2014.11.24"]
[Round "?"]
[White "Stroup, Jim"]
[Black "Clancey, James"]
[Result "1-0"]
[WhiteElo "1768"]
[BlackElo "2053"]

1. e4 c5 2. Nf3 d6 3. d4 cxd4 4. Nxd4 Nf6 5. Nc3 a6 6. Bg5 e6 7. f4 Qb6 8.
 Qd2 Qxb2 9. Rb1 Qa3 10. f5 Nc6 11. fxe6 fxe6 12. Nxc6 bxc6 13. Be2 Be7 
14. O-O O-O 15. Rb3 Qc5+ 16. Be3 Qe5 17. Bf4 Qa5 18. Nd5 Qxd2 19. Nxe7+ 
Kf7 20. Bxd2 Kxe7 21. e5 1-0

[Event "NA Master/Expert Server Championship, S40099"]
[Site "CCLA"]
[Date "2014.04.30"]
[Round "?"]
[White "Young III, William C."]
[Black "Quirk, Michael"]
[Result "1/2-1/2"]
[WhiteElo "2104"]
[BlackElo "2175"]

1. e4 c5 2. Nf3 d6 3. d4 cxd4 4. Nxd4 Nf6 5. Nc3 a6 6. Bg5 e6 7. f4 h6 8. 
Bh4 Be7 9. Qf3 Nbd7 10. O-O-O Qc7 11. Be2 b5 12. Bxf6 Nxf6 13. e5 Bb7 14. 
Qg3 dxe5 15. fxe5 Nd5 16. Nxe6 fxe6 17. Qg6+ Kd7 18. Bg4 Qxe5 19. Nxd5 
Qg5+ 20. Qxg5 Bxg5+ 21. Kb1 Bxd5 22. Rxd5+ Kc7 23. Rc5+ Kd6 24. b4 Rhe8 
25. Rd1+ Ke7 26. Re1 Kd6 27. c3 Rad8 28. Kc2 Rd7 29. Kb3 Bh4 30. g3 Bf6 
31. Bf3 Ra7 32. Rd1+ Ke7 33. Rc6 a5 34. bxa5 Rxa5 35. Rc7+ Kf8 36. Bc6 Rb8
37. Rf1 Ra6 38. Rf2 Kg8 39. Re2 1/2-1/2

[Event "Open Server Series, S40089"]
[Site "CCLA"]
[Date "2014.03.24"]
[Round "?"]
[White "Buss, Michael D."]
[Black "Catania, Duane"]
[Result "1-0"]
[WhiteElo "2349"]
[BlackElo "1774"]

1. e4 e6 2. b3 d5 3. Bb2 Nf6 4. e5 Nfd7 5. Qg4 c5 6. f4 Nc6 7. Nf3 a6 8. 
Be2 Qb6 9. O-O g6 10. Qh3 Bg7 11. c4 d4 12. d3 Nb4 13. Nbd2 Nc2 14. Rab1 
Ne3 15. Rfe1 f5 16. b4 Nc2 17. bxc5 Qa5 18. Rec1 Na3 19. Nb3 Qa4 20. Nfxd4
Nxb1 21. Nxe6 Qxa2 22. Nxg7+ Kf8 23. Qh4 Qxb2 24. Nxf5 gxf5 25. Qd8+ Kg7 
26. Qe7+ Kg8 27. Bh5 Nxe5 28. fxe5 Be6 29. Qxe6+ Kg7 30. Qf6+ 1-0

[Event "Regular Quad, S40429"]
[Site "CCLA"]
[Date "2014.12.12"]
[Round "?"]
[White "Acosta, Errol"]
[Black "Stevenson, Wayne"]
[Result "0-1"]
[WhiteElo "1365"]
[BlackElo "1540"]

1. e4 e6 2. f4 d5 3. e5 c5 4. Nf3 Nh6 5. Be2 Be7 6. O-O Nc6 7. c3 Nf5 8. 
d3 h5 9. Ng5 Bxg5 10. fxg5 Nxe5 11. Bf4 Ng6 12. Bd2 c4 13. dxc4 Qb6+ 14. 
Kh1 Qxb2 15. Bc1 Qxa1 16. Qc2 O-O 17. Qb3 dxc4 18. Bxc4 b5 19. Bd3 Bb7 20.
 Bb2 Bd5 21. c4 bxc4 22. Qc3 Qxb2 23. Qxb2 cxd3 24. Nd2 Ne3 25. Rg1 Rfc8 
26. Qd4 Nxg2 27. h3 N2h4+ 0-1

[Event "Regular Quad, S40469"]
[Site "CCLA"]
[Date "2014.12.29"]
[Round "?"]
[White "Acosta, Errol"]
[Black "Stevenson, Wayne"]
[Result "1-0"]
[WhiteElo "1365"]
[BlackElo "1540"]

1. e4 e6 2. f4 d5 3. exd5 exd5 4. Nf3 Nf6 5. d4 Be7 6. Bd3 c5 7. c3 Nc6 8.
 O-O Qb6 9. Ne5 cxd4 10. Kh1 Nxe5 11. fxe5 Nd7 12. cxd4 Qxd4 13. Nc3 Nxe5 
14. Bb5+ 1-0

[Event "Regular Quad, S40349"]
[Site "CCLA"]
[Date "2014.10.13"]
[Round "?"]
[White "Acosta, Errol"]
[Black "Mueller, Anthony"]
[Result "0-1"]
[WhiteElo "1365"]
[BlackElo "1367"]

1. e4 e6 2. f4 d5 3. e5 Nh6 4. Nf3 Nf5 5. d4 c5 6. c3 Nc6 7. Bb5 Bd7 8. 
O-O Nxe5 9. Bxd7+ Nxd7 10. Ne5 Nxe5 11. fxe5 Qb6 12. Qa4+ Qc6 13. Qxc6+ 
bxc6 14. dxc5 Bxc5+ 15. Kh1 Rf8 16. b4 f6 17. bxc5 fxe5 18. Na3 Ng3+ 19. 
hxg3 Rxf1+ 20. Kh2 g5 21. Rb1 O-O-O 22. g4 h5 23. g3 hxg4 24. Bxg5 Rxb1 
25. Nxb1 Rf8 26. Be3 Rf3 27. Bg1 e4 28. Bd4 e3 29. Bxe3 Rxe3 30. Kg2 Re2+ 
0-1

[Event "Herbert W. Gustafson Memorial Open, S47099"]
[Site "CCLA"]
[Date "2014.10.27"]
[Round "?"]
[White "Parenteau, Mike"]
[Black "Catania, Duane"]
[Result "1/2-1/2"]
[WhiteElo "1651"]
[BlackElo "1774"]

1. e4 e6 2. Qe2 b6 3. Nf3 Be7 4. g3 Bb7 5. Bg2 Nc6 6. O-O d6 7. d4 Nf6 8. 
Nc3 O-O 9. Re1 Re8 10. a3 Bf8 11. Bf4 e5 12. Bg5 h6 13. Bxf6 Qxf6 14. Nd5 
Qd8 15. c3 exd4 16. Qd3 dxc3 17. Nxc3 Ne5 18. Qc2 a6 19. Rad1 Qf6 20. Nxe5
Rxe5 21. Nd5 Bxd5 22. exd5 Rxe1+ 23. Rxe1 Qd8 24. Qc6 g6 25. Bh3 Rb8 26. 
Bd7 Be7 27. Re2 b5 28. Bh3 Rb6 29. Qc1 h5 30. Qe3 Bf6 31. Qc1 b4 32. a4 b3
33. Qe1 Rb8 34. Bf1 Qf8 35. Qa5 Re8 36. Qxa6 Rxe2 37. Qxe2 Qb8 38. Qd2 Qa7
39. Bb5 Qd4 40. Qxd4 Bxd4 1/2-1/2

[Event "Regular Quad, S40349"]
[Site "CCLA"]
[Date "2014.10.13"]
[Round "?"]
[White "Haase, F. Philip"]
[Black "Mueller, Anthony"]
[Result "1-0"]
[WhiteElo "1304"]
[BlackElo "1367"]

1. e4 e6 2. Qe2 Be7 3. b3 Nf6 4. Bb2 d5 5. e5 Ne4 6. Nc3 Nxc3 7. Bxc3 c5 
8. d4 O-O 9. Qd3 f6 10. dxc5 Bxc5 11. Nh3 fxe5 12. Bxe5 Nc6 13. Qc3 Nxe5 
14. Qxe5 Qa5+ 15. c3 Rf5 16. Qg3 d4 17. O-O-O Ba3+ 18. Kb1 dxc3 19. Bd3 
Rc5 20. Bc2 Rd5 21. Rd3 Bd6 22. Rxd5 Qxd5 23. f4 Qa5 24. Qd3 Bb4 25. Qxh7+
Kf7 26. Ng5+ Ke7 27. Qxg7+ Kd6 28. Rd1+ Kc6 29. Nxe6 Bxe6 30. Be4+ Kb5 31.
 a4+ Ka6 32. Qxb7# 1-0

[Event "Herbert W. Gustafson Memorial, S47159"]
[Site "CCLA"]
[Date "2014.10.27"]
[Round "?"]
[White "Latta, Richard W."]
[Black "Mueller, Anthony"]
[Result "1-0"]
[WhiteElo "1396"]
[BlackElo "1367"]

1. Nf3 e6 2. e4 d5 3. e5 c5 4. Nc3 Nc6 5. Nb5 Bd7 6. Nd6+ Bxd6 7. exd6 Nf6
8. d3 O-O 9. Ng5 h6 10. h4 d4 11. Qf3 hxg5 12. Bxg5 Ne5 13. Qf4 Ng6 14. 
Qg3 e5 15. h5 Nf4 16. h6 g6 17. O-O-O Kh7 18. Re1 N4h5 19. Qh4 Bf5 20. g4 
Bxg4 21. Be2 Bxe2 22. d7 Bf3 23. Rh3 Bc6 24. Rxe5 Bxd7 25. Rd5 Qe7 26. Rh1
Qe6 27. Rxc5 Rac8 28. Rc4 Rxc4 29. dxc4 Bc6 30. Rd1 Ne4 31. f4 Nxg5 32. 
fxg5 Qe3+ 33. Kb1 Re8 34. b3 Qc3 35. Qf2 a5 36. Qxf7+ Kh8 37. Qxg6 Qf3 38.
 Rxd4 Qc3 39. Rd1 Nf4 40. Qf5 Ne2 41. g6 Nd4 42. g7+ Kg8 43. h7+ Kxg7 44. 
Rg1+ Kh8 45. Qf6+ Kxh7 46. Qg7# 1-0

[Event "Regular Quad, S40359"]
[Site "CCLA"]
[Date "2014.10.20"]
[Round "?"]
[White "Martindale, Roger"]
[Black "Mueller, Anthony"]
[Result "0-1"]
[WhiteElo "1209"]
[BlackElo "1367"]

1. e4 e6 2. Nf3 d5 3. e5 c5 4. d3 Nc6 5. d4 Qb6 6. a4 a6 7. c4 cxd4 8. 
cxd5 exd5 9. h3 Bb4+ 10. Bd2 Qa5 11. Qc2 Bxd2+ 12. Nfxd2 Nxe5 13. g4 Nf3+ 
14. Kd1 Nxd2 15. Nxd2 Nf6 16. Nb3 Qb6 17. a5 Qb4 18. Nc5 O-O 19. Nd3 Qe7 
20. Bg2 Re8 21. Ra4 Bd7 22. Rxd4 Rac8 23. Qb3 Qe2# 0-1

[Event "NA Class B Server Championship, S40119"]
[Site "CCLA"]
[Date "2014.04.30"]
[Round "?"]
[White "Disque, Philip"]
[Black "Catania, Duane"]
[Result "0-1"]
[WhiteElo "1669"]
[BlackElo "1774"]

1. e4 e6 2. Nf3 d5 3. e5 c5 4. b4 cxb4 5. a3 Nc6 6. axb4 Nxb4 7. c3 Nc6 8.
 d4 Qc7 9. Bd3 h6 10. O-O a6 11. Ba3 Bxa3 12. Rxa3 Bd7 13. Nbd2 Nge7 14. 
Qe2 O-O 15. g4 Ng6 16. Bxg6 fxg6 17. Rfa1 Rf4 18. h3 Raf8 19. Kg2 Na7 20. 
Rc1 Bb5 21. Qe3 Bc4 22. Nh2 Rxf2+ 23. Qxf2 Rxf2+ 24. Kxf2 Qe7 25. Raa1 Bd3
26. Nhf3 Nc6 27. Ke3 Bb5 28. h4 Qd8 29. c4 dxc4 30. Nxc4 Qd5 31. Ncd2 b6 
32. Rc3 a5 33. Rac1 a4 34. Nc4 Bxc4 35. Rxc4 Na5 36. Rc8+ Kh7 37. g5 h5 
38. Rf8 Nc4+ 39. Kf4 a3 40. Rc8 a2 41. Kg3 Ne3 42. R8c3 Nf5+ 43. Kh3 Qe4 
44. Rb3 Qg4+ 45. Kh2 Qf4+ 0-1

[Event "Herbert W. Gustafson Memorial Open, S47099"]
[Site "CCLA"]
[Date "2014.10.27"]
[Round "?"]
[White "Evans, Stanley W."]
[Black "Avery, Bryce"]
[Result "1/2-1/2"]
[WhiteElo "1787"]
[BlackElo "1663"]

1. e4 e6 2. d3 d5 3. Qe2 Nf6 4. e5 Nfd7 5. Nf3 c5 6. c3 Nc6 7. d4 cxd4 8. 
cxd4 Bb4+ 9. Nc3 Qc7 10. Bd2 O-O 11. a3 Be7 12. Rc1 a6 13. g3 Nb6 14. Qe3 
Nc4 15. Bxc4 dxc4 16. d5 exd5 17. Nxd5 Qd8 18. Nxe7+ Nxe7 19. Rxc4 Bh3 20.
 Bc3 Qd5 21. Rd4 Qc6 22. Rd6 Qc4 23. Nd2 Qa2 24. Qe4 Rfe8 25. Ke2 Nc6 26. 
f4 Rad8 27. Qc4 Qxc4+ 28. Nxc4 Rxd6 29. Nxd6 1/2-1/2

[Event "Premier Quad, S40279"]
[Site "CCLA"]
[Date "2014.09.12"]
[Round "?"]
[White "Silverman, Robert"]
[Black "Catania, Duane"]
[Result "0-1"]
[WhiteElo "1871"]
[BlackElo "1774"]

1. e4 e6 2. d3 d5 3. Nd2 Nf6 4. e5 Nfd7 5. Ngf3 c5 6. c3 Nc6 7. d4 Qb6 8. 
Be2 cxd4 9. cxd4 Nxd4 10. Nxd4 Qxd4 11. Nf3 Qxd1+ 12. Bxd1 Bb4+ 13. Bd2 
Bxd2+ 14. Kxd2 O-O 15. Rc1 f6 16. exf6 gxf6 17. Re1 e5 18. Rc7 Nb6 19. Bb3
Rf7 20. Rec1 Rxc7 21. Rxc7 Be6 22. Rxb7 Nc4+ 23. Bxc4 dxc4 24. Kc3 a5 25. 
Nd2 Bd5 26. g3 Bxb7 0-1

[Event "Regular Quad, S40329"]
[Site "CCLA"]
[Date "2014.09.26"]
[Round "?"]
[White "Acosta, Errol"]
[Black "McLaughlin, Ed"]
[Result "0-1"]
[WhiteElo "1365"]
[BlackElo "1561"]

1. e4 c5 2. d4 e6 3. Nc3 Nc6 4. dxc5 Bxc5 5. f4 d6 6. Nf3 Nf6 7. Bb5 a6 8.
 Ba4 Qb6 9. Rf1 Ng4 10. Bb3 Bf2+ 11. Ke2 Ne3 12. Na4 Qa7 13. Qd3 Nxf1 14. 
Kxf1 Bc5 15. Nxc5 Qxc5 16. Be3 Qb5 17. c4 Qa5 18. Qxd6 Qd8 19. Qc5 Qe7 20.
 Qb6 Qd8 21. Qc5 Bd7 22. Qh5 Qf6 23. e5 Qg6 24. Qh4 Nb4 25. Qe1 Nc2 26. 
Bxc2 Qxc2 27. Qb4 b5 28. c5 a5 29. Qe4 Qxe4 0-1

[Event "Regular Quad, S40419"]
[Site "CCLA"]
[Date "2014.12.01"]
[Round "?"]
[White "Howard, James"]
[Black "Stevenson, Wayne"]
[Result "0-1"]
[WhiteElo "1183"]
[BlackElo "1540"]

1. e4 e6 2. d4 d5 3. Bb5+ c6 4. Ba4 Nf6 5. e5 Nfd7 6. Qg4 Qa5+ 7. Nd2 Qxa4
8. Ngf3 Qxc2 9. O-O c5 10. Nb1 Nc6 11. Bg5 Qxb2 12. Bh4 Qxa1 13. Na3 Qb2 
14. Nb5 Qxb5 15. dxc5 Ndxe5 16. Nxe5 Nxe5 17. Qg5 f6 18. Qh5+ g6 19. Qd1 
Kf7 20. Qd4 Qc4 21. Qd1 Qxh4 22. Re1 Ng4 23. a4 Qxf2+ 24. Kh1 Qh4 25. Qe2 
Qxh2# 0-1

[Event "Premier Quad, S40459"]
[Site "CCLA"]
[Date "2014.12.29"]
[Round "?"]
[White "Laven, George"]
[Black "Catania, Duane"]
[Result "1-0"]
[WhiteElo "1834"]
[BlackElo "1774"]

1. e4 e6 2. d4 d5 3. Bd3 Nf6 4. e5 Nfd7 5. Nf3 c5 6. c3 Nc6 7. O-O Qb6 8. 
Bc2 cxd4 9. cxd4 Be7 10. Nc3 a6 11. a3 Qd8 12. Be3 b5 13. b4 Bb7 14. Rc1 
Rc8 15. Bd3 Nb6 16. Qe2 Nc4 17. Bxc4 dxc4 18. Rfd1 O-O 19. d5 exd5 20. 
Nxd5 Qe8 21. Nxe7+ Nxe7 22. Bc5 Rxc5 23. bxc5 Qc6 24. Qe3 Nf5 25. Qg5 Nh6 
26. Rd6 Qxc5 27. Rxh6 Qxa3 28. Rb6 Bxf3 29. gxf3 c3 30. Qe3 b4 31. Qf4 a5 
32. Re1 c2 33. e6 b3 34. e7 Re8 35. Rb8 Qxe7 36. Rxe7 1-0

[Event "Premier Quad, S40339"]
[Site "CCLA"]
[Date "2014.10.13"]
[Round "?"]
[White "Laven, George"]
[Black "Smail, John"]
[Result "0-1"]
[WhiteElo "1834"]
[BlackElo "1836"]

1. e4 e6 2. d4 d5 3. Bd3 dxe4 4. Bxe4 Nf6 5. Bd3 c5 6. dxc5 Bxc5 7. Nf3 
O-O 8. O-O Nc6 9. Qe2 Qc7 10. Nc3 a6 11. Ne4 Be7 12. Nxf6+ Bxf6 13. Ng5 g6
14. Rd1 Nd4 15. Qe4 e5 16. Qh4 h5 17. c3 Nf5 18. Qa4 Qe7 19. Ne4 Bg7 20. 
b3 Bd7 21. Qa3 Bc6 22. Qxe7 Nxe7 23. Ba3 Rfe8 24. Nd6 Nd5 25. Nxe8 Rxe8 
26. c4 Nf4 27. Bf1 h4 28. Bb2 h3 29. g3 Ng2 30. Rd2 Bh6 31. Rc2 e4 32. 
Bxg2 hxg2 33. Bd4 Rd8 34. Be3 Bg7 35. Kxg2 Bxa1 0-1

[Event "Premier Quad, S40339"]
[Site "CCLA"]
[Date "2014.10.13"]
[Round "?"]
[White "Laven, George"]
[Black "Vecchio, Ralph"]
[Result "1-0"]
[WhiteElo "1834"]
[BlackElo "1815"]

1. e4 e6 2. d4 d5 3. Bd3 dxe4 4. Bxe4 Nf6 5. Bd3 Be7 6. Nf3 O-O 7. O-O b6 
8. Qe2 Bb7 9. c3 Nbd7 10. Bf4 c5 11. Nbd2 cxd4 12. Nxd4 Nc5 13. Bc4 Nfe4 
14. Nxe4 Nxe4 15. Rfd1 Qc8 16. f3 Nf6 17. Nxe6 Bc5+ 18. Nxc5 Qxc5+ 19. Be3
Qc7 20. Rd4 Rfe8 21. Rad1 Qe5 22. Re1 a6 23. Qd2 Rac8 24. Bf2 Qc7 25. Bg3 
Qc5 26. Bd6 Rxe1+ 27. Qxe1 Qg5 28. Bxf7+ Kxf7 29. Qe7+ Kg6 30. Bf4 Qf5 31.
 Qxb7 Qb1+ 32. Kf2 Qxb2+ 33. Rd2 Qxc3 34. Qxb6 Qc5+ 35. Be3 Qb5 36. Qxb5 
axb5 37. g4 Rf8 38. Kg3 Ra8 39. Bc5 Rc8 40. Bb4 h6 41. Rd6 Kh7 42. Rb6 Nd5
43. Rxb5 Nxb4 44. Rxb4 Ra8 45. a4 Kg6 46. f4 Ra6 47. Kf3 Kf6 48. Ke4 g5 
49. f5 Ra5 50. h3 Re5+ 51. Kd4 Ra5 52. Kc4 h5 53. Kb3 hxg4 54. hxg4 Ra7 
55. Rb5 Ra6 56. a5 1-0

[Event "Regular Quad, S40449"]
[Site "CCLA"]
[Date "2014.12.19"]
[Round "?"]
[White "Berger, Byron"]
[Black "Klimushyn, Charles"]
[Result "0-1"]
[WhiteElo "1516"]
[BlackElo "1648"]

1. e4 e6 2. d4 d5 3. exd5 exd5 4. c4 Nf6 5. Nc3 Bb4 6. Nf3 Bf5 7. Bd3 Bxd3
8. Qxd3 c6 9. O-O O-O 10. Re1 Nbd7 11. a3 Bxc3 12. Qxc3 Nb6 13. c5 Nc8 14.
 Bf4 Ne4 15. Qb3 Qd7 16. Nd2 f5 17. Nxe4 fxe4 18. f3 Rxf4 0-1

[Event "Herbert W. Gustafson Memorial Open, S47029"]
[Site "CCLA"]
[Date "2014.10.27"]
[Round "?"]
[White "O'Sullivan, Rory"]
[Black "Caliguire, John J."]
[Result "0-1"]
[WhiteElo "2227"]
[BlackElo "2233"]

1. e3 e5 2. d4 exd4 3. exd4 Nf6 4. Nf3 d5 5. Be2 Bd6 6. O-O O-O 7. Nc3 c6 
8. Re1 Bg4 9. Bg5 Nbd7 10. h3 Bxf3 11. Bxf3 h6 12. Bxh6 gxh6 13. Qd2 Kg7 
14. Nd1 Nh7 15. Ne3 f5 16. Qd3 Qf6 17. h4 Kh8 18. Nxf5 Qxf5 19. Qxf5 Rxf5 
20. Re7 Bxe7 21. Re1 Bxh4 0-1

[Event "3rd TCCL Friendly Server Tournament, 3rdTCCL"]
[Site "CCLA"]
[Date "2014.07.10"]
[Round "?"]
[White "Shaffer, Aaron"]
[Black "Caliguire, John J."]
[Result "0-1"]
[WhiteElo "1383"]
[BlackElo "2233"]

1. d4 e6 2. e4 d5 3. exd5 exd5 4. Nf3 Bd6 5. Nc3 Ne7 6. Bb5+ c6 7. O-O 
cxb5 8. Nxb5 Nbc6 9. Nxd6+ Qxd6 10. c3 O-O 11. Bg5 f6 12. Bh4 Nf5 13. Bg3 
Nxg3 14. hxg3 Re8 15. Re1 Bd7 16. Rxe8+ Rxe8 17. Qd2 Re4 18. Re1 Qe7 19. 
Rxe4 Qxe4 20. Qe1 Qxe1+ 21. Nxe1 Bf5 22. f3 b5 23. g4 Bb1 24. a3 Na5 25. 
Kf2 Nc4 26. Ke2 Nxb2 27. Kd2 Nc4+ 28. Kc1 Bg6 29. Nc2 Bxc2 30. Kxc2 Nxa3+ 
31. Kb3 Nc4 32. Kb4 a6 33. Kc5 Kf7 0-1

[Event "Open Server Series, S40089"]
[Site "CCLA"]
[Date "2014.03.24"]
[Round "?"]
[White "Laaman, Thomas"]
[Black "Smail, John"]
[Result "0-1"]
[WhiteElo "1588"]
[BlackElo "1836"]

1. e4 e6 2. d4 d5 3. exd5 exd5 4. Nf3 Bd6 5. Bd3 Ne7 6. O-O Bg4 7. Re1 Nc6
8. c3 Qd7 9. Bg5 O-O-O 10. Nbd2 f6 11. Bh4 Ng6 12. Bg3 Nf4 13. Bc2 Rde8 
14. Rxe8+ Rxe8 15. Bxh7 Ne2+ 16. Kf1 Nxg3+ 17. fxg3 f5 18. Qc2 Rh8 19. Bg6
Ne7 20. Nh4 Nxg6 21. Nxg6 Rxh2 22. Kf2 Qe6 23. Ne5 Bxe5 24. dxe5 Qb6+ 0-1

[Event "Open Server Series, S40089"]
[Site "CCLA"]
[Date "2014.03.24"]
[Round "?"]
[White "Laaman, Thomas"]
[Black "Catania, Duane"]
[Result "0-1"]
[WhiteElo "1588"]
[BlackElo "1774"]

1. e4 e6 2. d4 d5 3. exd5 exd5 4. Bd3 Nf6 5. Nf3 Bd6 6. Qe2+ Be6 7. Ng5 
Qd7 8. Nxe6 Qxe6 9. Qxe6+ fxe6 10. O-O Nc6 11. Bb5 Kf7 12. Bxc6 bxc6 13. 
Nd2 Rhe8 14. Nf3 c5 15. Re1 h6 16. Ne5+ Bxe5 17. dxe5 Nd7 18. b3 Nb6 19. 
Ba3 Nd7 20. f4 Rab8 21. Rad1 a5 22. f5 a4 23. c4 d4 24. fxe6+ Rxe6 25. 
bxa4 Ra8 26. Bc1 Rxe5 27. Rf1+ Kg8 28. Rf2 Rxa4 29. Rc2 Re4 30. Kf2 Ne5 
31. Rd3 Nxd3+ 0-1

[Event "Premier Quad, S40339"]
[Site "CCLA"]
[Date "2014.10.13"]
[Round "?"]
[White "Vecchio, Ralph"]
[Black "Smail, John"]
[Result "1/2-1/2"]
[WhiteElo "1815"]
[BlackElo "1836"]

1. e4 e6 2. d4 d5 3. exd5 exd5 4. Nf3 Bd6 5. c4 c6 6. Bd3 Ne7 7. O-O O-O 
8. Nc3 dxc4 9. Bxc4 Nd7 10. h3 Ng6 11. Re1 Nb6 12. Bg5 Qc7 13. Bb3 Bf5 14.
 d5 h6 15. Nd4 Bxh3 16. gxh3 Bh2+ 17. Kh1 hxg5 18. Nf3 Bf4 19. Rg1 Rad8 
20. Nxg5 Qe7 21. Qc2 cxd5 22. Qf5 Qe5 23. Bc2 Qxf5 24. Bxf5 Ne5 25. Nh7 
Rd6 26. Nxf8 Kxf8 27. Ne2 Bh6 28. Nd4 g6 29. Bc2 Rf6 30. Rae1 Nbc4 31. b4 
Rxf2 32. Rgf1 Rxf1+ 33. Rxf1 Ke7 34. Rd1 a6 35. b5 a5 36. Bb3 f5 37. Nc2 
Kd6 38. Bxc4 Nxc4 39. Re1 Ne5 40. Rd1 f4 41. Kg2 Bg7 42. Nd4 Bf6 43. Nf3 
Nc4 44. Kf2 Bd8 45. h4 Bb6+ 46. Ke2 Bc5 47. Rf1 b6 48. Kd3 Ne5+ 49. Nxe5 
Kxe5 50. Rh1 f3 51. h5 1/2-1/2

[Event " NA Class A Server Championship, S40109"]
[Site "CCLA"]
[Date "2014.04.30"]
[Round "?"]
[White "Sereni, Vincent T."]
[Black "Cacas, Alexander"]
[Result "1-0"]
[WhiteElo "2118"]
[BlackElo "1886"]

1. e4 e6 2. d4 d5 3. Nc3 Bb4 4. exd5 exd5 5. Bd3 Nc6 6. Nf3 Nge7 7. O-O 
Bg4 8. Na4 Bd6 9. c3 Qd7 10. Re1 O-O 11. Nc5 Bxc5 12. dxc5 Rad8 13. h3 Bf5
14. Bb5 Qc8 15. Bf4 a6 16. Ba4 Ng6 17. Bg3 Nce7 18. Nd4 Bd7 19. Bc2 Nc6 
20. Qd2 Rfe8 21. Rxe8+ Rxe8 22. Nf3 Nce7 23. Re1 c6 24. Nd4 Nf8 25. Bd6 
Neg6 26. Rxe8 Qxe8 27. f4 Ne7 28. f5 f6 29. b4 Nc8 30. Bf4 b6 31. Nb3 Qe7 
32. a4 b5 33. Nd4 Qe8 34. axb5 axb5 35. Bd3 Na7 36. Kf2 Qh5 37. Be2 Qe8 
38. Bf3 g6 39. g4 gxf5 40. gxf5 Nc8 41. Bh6 Qe5 42. Qc1 Qh2+ 43. Bg2 Qe5 
44. Qg1 1-0

[Event "Premier Quad, S40339"]
[Site "CCLA"]
[Date "2014.10.13"]
[Round "?"]
[White "Anderson, Clarence"]
[Black "Vecchio, Ralph"]
[Result "1/2-1/2"]
[WhiteElo "1798"]
[BlackElo "1815"]

1. e4 e6 2. d4 d5 3. e5 b6 4. Bb5+ c6 5. Ba4 b5 6. Bb3 Nd7 7. Ne2 c5 8. c3
Ba6 9. O-O c4 10. Bc2 g6 11. Bf4 Bg7 12. Nd2 Ne7 13. Nf3 O-O 14. Qd2 f6 
15. exf6 Nxf6 16. Ng3 Nf5 17. Rae1 Re8 18. Re2 Bb7 19. Rfe1 Qb6 20. Bxf5 
exf5 21. Rxe8+ Rxe8 22. Rxe8+ Nxe8 23. Qe3 Nf6 24. Ng5 Ne4 25. f3 Nxg5 26.
 Qe8+ Bf8 27. Bxg5 Qc6 28. Qb8 a6 29. Bh6 Qc8 30. Qxc8 Bxc8 31. Bxf8 Kxf8 
32. f4 a5 33. a3 a4 34. Kf2 Ke7 35. Kf3 Kf6 36. Nf1 Ke6 37. Ne3 1/2-1/2

[Event "Herbert W Gustafson Memorial, S47129"]
[Site "CCLA"]
[Date "2014.10.27"]
[Round "?"]
[White "Miller, Allan A."]
[Black "Berger, Byron"]
[Result "1-0"]
[WhiteElo "1563"]
[BlackElo "1516"]

1. d4 e6 2. e4 d5 3. e5 c5 4. Nf3 cxd4 5. Bd3 Nc6 6. O-O f6 7. Bb5 Bd7 8. 
Bxc6 Bxc6 9. Nxd4 Qd7 10. Re1 Bc5 11. Nc3 fxe5 12. Nxc6 Qxc6 13. Qh5+ Kd7 
14. Qf7+ Ne7 15. Re2 Qb6 16. Na4 Qb5 17. Nxc5+ Qxc5 18. Rxe5 Qd6 19. Re1 
g6 20. Bf4 Qc6 21. Bg5 Qd6 22. c4 Raf8 23. Qxe7+ Qxe7 24. Bxe7 Kxe7 25. 
cxd5 Kd6 26. dxe6 Re8 27. Rad1+ Ke7 28. Rd7+ Kf6 29. Rxb7 Rxe6 30. Rxe6+ 
1-0

[Event "Regular Quad, S40469"]
[Site "CCLA"]
[Date "2014.12.29"]
[Round "?"]
[White "Martindale, Roger"]
[Black "Stevenson, Wayne"]
[Result "0-1"]
[WhiteElo "1209"]
[BlackElo "1540"]

1. e4 e6 2. d4 d5 3. e5 c5 4. Nf3 Nc6 5. Nc3 Qa5 6. Bd2 cxd4 7. Nb5 Bb4 8.
 Nd6+ Ke7 9. a3 Bxd2+ 10. Nxd2 Nxe5 11. b4 Qc7 12. Nb3 Qc3+ 13. Qd2 Kxd6 
14. Qxc3 dxc3 15. Nd4 Bd7 16. Be2 Nf6 17. O-O a5 18. b5 Rhc8 19. a4 Nc4 
20. Rfd1 Ne4 21. Bxc4 Ke7 22. Bb3 Nc5 23. Re1 Kd6 24. Re3 e5 25. Nf3 Nxb3 
26. cxb3 f6 27. Rc1 d4 28. Rd3 Be6 29. h3 Bxb3 30. Ne1 Bxa4 31. Nc2 Bxb5 
32. Rf3 d3 33. Na3 d2 34. Nxb5+ Ke6 35. Rd1 c2 36. Rxd2 c1=Q+ 37. Kh2 Qxd2
0-1

[Event "Regular Quad, S40419"]
[Site "CCLA"]
[Date "2014.12.01"]
[Round "?"]
[White "Miller, Allan A."]
[Black "Stevenson, Wayne"]
[Result "0-1"]
[WhiteElo "1563"]
[BlackElo "1540"]

1. d4 e6 2. e4 d5 3. e5 c5 4. Nf3 Nc6 5. Bd3 Nxd4 6. Nxd4 cxd4 7. O-O Ne7 
8. Bg5 Qb6 9. b3 h6 10. Bf4 Bd7 11. c4 g5 12. Bd2 Rc8 13. Qh5 dxc4 14. 
Bxc4 Ng6 15. Bxg5 hxg5 16. Qxg5 Bh6 17. Qf6 Bf4 18. Re1 Bxh2+ 19. Kf1 Rxc4
20. bxc4 Bxe5 21. Rxe5 Rh1+ 0-1